Galéria

Gespeichert in:
Bibliographische Detailangaben
1. Verfasser: Faktorová, Frederika (Verfasst von)
Weitere Verfasser: Mikušková, Dagmar, 1972- (Betreuung Doktorarbeit)
Format: Manuskript Buch
Sprache:Slowakisch
Veröffentlicht: Bratislava 2015
Schlagworte:
Online-Zugang:http://is.stuba.sk/zp/portal_zp.pl?podrobnosti=82240
Tags: Tag hinzufügen
Keine Tags, Fügen Sie das erste Tag hinzu!

MARC

LEADER 00000ntm a22000003a 4500
001 stuzp46354
003 SK-STU
005 20210301105725.2
007 ta
008 150427s2015----xo-----f-mn---000-0-slo-d
040 |a STU  |b slo 
041 0 |a slo 
100 1 |a Faktorová, Frederika  |u 051110  |4 aut  |U FAD Fakulta architektúry  |T FA Ústav architektúry obytných budov  |X 8106  |U A1110  |Y 392  |7 8106 
242 0 1 |a Gallery  |y eng 
245 1 0 |a Galéria 
260 |c 2015  |a Bratislava 
650 4 |a Galeria  |2 slo 
650 4 |a Jazero  |2 slo 
650 4 |a Strkovec  |2 slo 
650 4 |a Gallery  |2 eng 
650 4 |a idea  |2 eng 
650 4 |a design  |2 eng 
700 1 |a Mikušková, Dagmar,  |d 1972-  |4 ths  |X 469  |7 A000000469 
856 4 |u http://is.stuba.sk/zp/portal_zp.pl?podrobnosti=82240  |u https://opac.crzp.sk/?fn=detailBiblioForm&sid=18B0B0AA43959DC6DA50334321BD 
SQL |a stuzp46354  |b DBP  |c SLO  |d Galéria  |e 8106  |f Faktorová, Frederika  |g 051110  |h 469  |i Mikušková, Dagmar  |j 20150611  |k 149  |l 05  |m http://is.stuba.sk/zp/portal_zp.pl?podrobnosti=82240  |n B-AU  |o 5.1.1. architektúra a urbanizmus